Statistics for Formula 1: Drivers of the Day

Click here to take the quiz!

General Stats

  • This quiz has been taken 1,133 times
    (294 since last reset)
  • The average score is 23 of 25

Answer Stats

TitlesDriverNationality% Correct
12Charles LeclercMonaco
100%
6Fernando AlonsoSpain
100%
17Lewis HamiltonUK
100%
37Max VerstappenNetherlands
100%
14Sergio PérezMexico
100%
4Carlos SainzSpain
99%
10Daniel RicciardoAustralia
99%
23Sebastian VettelGermany
98%
5Valtteri BottasFinland
98%
5Kimi RäikkönenFinland
97%
10Lando NorrisUnited Kingdom
97%
3Pierre GaslyFrance
97%
4Alexander AlbonThailand
96%
1Esteban OconFrance
96%
1Yuki TsunodaJapan
94%
1Lance StrollCanada
92%
1Kevin MagnussenDenmark
90%
2Oscar PiastriAustralia
89%
1George RussellUnited Kingdom
88%
2Nico HülkenbergGermany
85%
1Daniil KvyatRussia
80%
1Mick SchumacherGermany
74%
1Nyck de VriesNetherlands
73%
3Romain GrosjeanFrance
69%
1Nico RosbergGermany
65%

Score Distribution

Percentile by Number Answered

Percent of People with Each Score

Your Score History

You have not taken this quiz since the last reset